top 10 landen met de meeste inwoners - Statistieken

Algemene statistieken
  • Deze quiz is 355 keer genomen
  • De gemiddelde score is 6 van 10
Antwoordstatistieken
Nummer Andwoord % Correct
1 China
98%
9 Rusland
89%
6 Brazilië
78%
4 Indonesië
67%
3 Verenigde Staten van Amerika
67%
10 Japan
65%
2 Indië
49%
7 Nigeria
44%
8 Bangladesh
39%
5 Pakistan
39%
Geen overeenkomende quizzen gevonden
Scoreverdeling
Procent van Mensen met Elke Score
Percentiel versus Aantal Correcte Antwoorden
Uw Scoregeschiedenis
U heeft deze quiz nog niet genomen